000
00302nam a22001337a 4500
008
170612b xxu||||| |||| 00| 0 eng d
020
_a
9781586488239
041
_a
eng
080
_a
93
100
_a
19
101
_a
SHP
245
_a
THE ULTIMATE WEAPON IS NO WEAPON
_c
BEEBE, SH.D
942
_2
udc
_c
BK
999
_c
16960
_d
16960